000 00317nam a2200133Ia 4500
008 230917s9999||||xx |||||||||||||| ||und||
040 _e157682
_aMAIN
041 _aEnglish
082 _a970 H782H
245 0 _aHorizon. 8 (2); 1966
260 _aNew York
_bAmerican Horizon
_c1966
300 _a120 p.
942 _cBK
999 _c233146
_d233146